Statystyki dla Kraje najbliżej Antigui i Barbudy - Minutowy sprint

Kliknij tutaj aby rozwiązać quiz!

Ogólne statystyki

  • Ten quiz został rozwiązany 15 razy
  • Średni wynik to 12 z 20

Statystyki odpowiedzi

kmkraj% Poprawnych
1317Kuba
100%
68Saint Kitts i Nevis
100%
409Saint Vincent
i Grenadyny
100%
1414Jamajka
93%
467Barbados
86%
154Dominika
86%
500Grenada
86%
944Haiti
86%
333Saint Lucia
86%
1230Bahamy
79%
688Dominikana
79%
642Trynidad i Tobago
64%
966Gujana
36%
1338Surinam
36%
1134Kolumbia
29%
696Wenezuela
29%
1318Brazylia
21%
998Aruba
7%
923Curaçao
7%
126Sint Maarten
7%

Rozkład punktacji

Percentyl według liczby udzielonych odpowiedzi

Procent ludzi z każdym wynikiem

Twoja historia wyników

Nie rozwiązałeś tego quizu